Statistiken für Top 15 der betroffenen Covid-19-Länder - 19. Juni

Klicken Sie hier um das Quiz zu spielen!

Allgemein

  • Dieses Quiz wurde 12 mal gespielt
  • Das Durchschnittsergebnis liegt bei 17 aus 27

Antwortstatistiken

Land% Korrekt
Italien
100%
Russland
100%
Vereinigtes Königreich
100%
Vereinigte Staaten
100%
Brasilien
92%
Deutschland
92%
Mexiko
92%
Spanien
92%
Frankreich
83%
Indien
83%
Schweden
83%
Türkei
75%
Iran
67%
Chile
58%
Chile
58%
Peru
58%
Belgien
50%
Pakistan
50%
Bahrain
42%
Katar
42%
Irland
33%
Kuwait
33%
Weißrussland
25%
Armenien
17%
Singapur
17%
Panama
8%
Oman
0%

Verteilung der Resultate

Perzentil nach korrekt beantworteten Fragen

Anzahl Personen mit jedem Resultat

Ihre Resultats-Entwicklung

Sie haben dieses Quiz noch nicht gespielt